1056 1311 1683 1351 1307 1415 1979 1584 1853 1063 1727 1779 1222 1887 1232 1295 1813 1327 1589 1194 1580 1336 1354 1221 1261 1829 1463 1484 1868 1257 1043 1389 1158 1352 1395 1643 1155 1534 1899 1715 1039 1147 1151 1188 1002 1119 1998 1902 1225 1903 1800 1596 1523 1463 1884 1582 1723 1426 1361 1894 1060 1409 1522 1214 1565 1368 1661 1318 1092 1606 1960 1900 1918 1556 1941 1642 1463 1059 1363 1733 1390 1291 1064 1235 1391 1133 1029 1033 1359 1225 1040 1301 1919 1489 1634 1208 1323 1075 1109 BCNSPRNW ULIB Ver.6.0+V

เปลี่ยนเป็นภาษาไทย

Change to English
 แสดงรายละเอียดบรรณานุกรม
  กลับหน้าหลัก

Brief Record : Get Marc (ISO 2709) : E-mail record : QR code < ปิดหน้าต่าง
LEADER : 00000nas 2200000uu 4500
001    13399122283
003     ULIB
008    020711s|||| th a 000 0 tha d
022    16865081
110    วิทยาลัยเครือข่ายภาคกลาง
245    วารสารการพยาบาลและสาธารณสุข (วิทยาเขตนครสวรรค์)/^cวิทยาลัยเครือข่ายภาคกลาง
260    เพชรบุรี :^bวิทยาลัยเครือข่ายภาคกลาง,^cม.ป.ป.
310    ^aราย 6 เดือน
850 ^a ULIB:campus^bปีที่ 8 ฉบับที่ 2 ;ปีที่ 9 ฉบับที่ 1 ;ปีที่ 11 ฉบับที่ 1 ฉ.1
945    ^p0^l0^i
945    ^p0^l0^i800376
945    ^p0^l0^i800457
945    ^p0^l0^i801468
999    ^aทศพร เกษรทอง
รายการนี้ยังไม่มีแท็ก
คุณยังไม่ได้ล็อกอิน คุณสามารถมีกิจกรรมร่วมกับเว็บไซต์ได้ แต่ต้องล็อกอินก่อน ::
  ล็อกอิน

รายการสื่อสารสนเทศ (วารสาร)

ดูแบบ: กล่อง รายการ
-
no call number
สถานที่: ห้องสมุดวิทยาเขตสวรรค์ประชารักษ์ >นวนิยาย
ARRIVED
ปีที่ 8 ฉบับที่ 2
สถานที่: ห้องสมุดวิทยาเขตสวรรค์ประชารักษ์ >วารสาร
ARRIVED
ปีที่ 11 ฉบับที่ 1 ฉ.1
สถานที่: ห้องสมุดวิทยาเขตนครสวรรค์ >วารสาร
ARRIVED
ปีที่ 9 ฉบับที่ 1
สถานที่: ห้องสมุดวิทยาเขตสวรรค์ประชารักษ์ >วารสาร

BibComment


ยังไม่เคยถูกคอมเมนท์

คอมเมนท์ทรัพยากรรายการนี้
  คอมเมนท์: วารสารการพยาบาลแล..


 Copyright 2026. Bcnsprnw @Library